| 000 | 03170nam a2200361 a 4500 | ||
|---|---|---|---|
| 001 | ebr10574798 | ||
| 003 | CaPaEBR | ||
| 006 | m u | ||
| 007 | cr cn||||||||| | ||
| 008 | 111024s2012 caua sb 001 0 eng d | ||
| 010 | _z 2011039636 | ||
| 020 | _z1593273886 (pbk.) | ||
| 020 | _z9781593273880 | ||
| 020 | _z9781593274177 (e-book) | ||
| 040 |
_aCaPaEBR _cCaPaEBR |
||
| 035 | _a(OCoLC)781636173 | ||
| 050 | 1 | 4 |
_aTK5105.59 _b.Z354 2012eb |
| 082 | 0 | 4 |
_a005.8 _223 |
| 100 | 1 | _aZalewski, Michal. | |
| 245 | 1 | 4 |
_aThe tangled Web _h[electronic resource] : _ba guide to securing modern Web applications / _cby Michal Zalewski. |
| 260 |
_aSan Francisco : _bNo Starch Press, _cc2012. |
||
| 300 |
_axix, 299 p. : _bill. |
||
| 504 | _aIncludes bibliographical references (p. 267-282) and index. | ||
| 505 | 0 | _apt. 1. Anatomy of the web -- pt. 2. Browser security features -- pt. 3. A glimpse of things to come. | |
| 520 |
_a"'Thorough and comprehensive coverage from one of the foremost experts in browser security.' --Tavis Ormandy, Google Inc. Modern web applications are built on a tangle of technologies that have been developed over time and then haphazardly pieced together. Every piece of the web application stack, from HTTP requests to browser-side scripts, comes with important yet subtle security consequences. To keep users safe, it is essential for developers to confidently navigate this landscape.In The Tangled Web, Michal Zalewski, one of the world's top browser security experts, offers a compelling narrative that explains exactly how browsers work and why they're fundamentally insecure. Rather than dispense simplistic advice on vulnerabilities, Zalewski examines the entire browser security model, revealing weak points and providing crucial information for shoring up web application security. You'll learn how to: Perform common but surprisingly complex tasks such as URL parsing and HTML sanitization Use modern security features like Strict Transport Security, CSP, and CORS Leverage many variants of the same-origin policy to safely compartmentalize complex web applications and protect user credentials in case of XSS bugs Build mashups and embed gadgets without getting stung by the tricky frame navigation policy Embed or host user-supplied content without running into the trap of content sniffing For quick reference, "Security Engineering Cheat Sheets' at the end of each chapter offer ready solutions to problems you're most likely to encounter. With coverage extending as far as planned HTML5 features, The Tangled Web will help you create secure web applications to stand the test of time"-- _cProvided by publisher. |
||
| 533 |
_aElectronic reproduction. _bPalo Alto, Calif. : _cebrary, _d2011. _nAvailable via World Wide Web. _nAccess may be limited to ebrary affiliated libraries. |
||
| 650 | 0 |
_aComputer networks _xSecurity measures. |
|
| 650 | 0 | _aBrowsers (Computer programs) | |
| 650 | 0 | _aComputer security. | |
| 655 | 7 |
_aElectronic books. _2local |
|
| 710 | 2 | _aebrary, Inc. | |
| 856 | 4 | 0 |
_uhttp://site.ebrary.com/lib/rucke/Doc?id=10574798 _zAn electronic book accessible through the World Wide Web; click to view |
| 999 |
_c78898 _d78898 |
||